Překladový slovníček základních pojmů učiva ZŠ : český jazyk a literatura : čeština, ukrajinština, ruština, vietnamština, angličtina / [odborný překlad Milena Turbová ... [et al.]
Record details
- Physical Description: 36 s.
- Publisher: Praha : SPN - pedagogické nakladatelství, 2002
Search for related items by subject
| Subject: | Literatura -- učivo škol základních Vícejazyčné překladové slovníky Čeština -- učivo škol základních |
| Genre: | slovníky |
Available copies
- 1 of 1 copy available at Common Catalog SPOK.
Holds
- 0 current holds with 1 total copy.
Other Formats and Editions
Show Only Available Copies
| Location | Call Number / Copy Notes | Barcode | Shelving Location | Status | Due Date |
|---|---|---|---|---|---|
| Varianty | Mig Př | 4605400032 | Šafaříkova 17 - 5. patro, Mig | Available | - |
| LDR | 00986nam a2200265 4500 | ||
|---|---|---|---|
| 001 | 30949 | ||
| 003 | CZ-PrJAB | ||
| 005 | 20190202120707.0 | ||
| 008 | 031211s2002 xr |||||||||||000|0|cze d | ||
| 035 | . | ‡a(CZ PrSKC)KN3148000000190968 | |
| 040 | . | ‡aULG001 ‡bcze | |
| 041 | 0 | . | ‡aeng ‡acze ‡arus ‡aukr ‡avie |
| 080 | . | ‡a811.162.3 ‡2MRF-sel | |
| 080 | . | ‡a81`374 ‡2MRF-sel | |
| 080 | . | ‡a821 ‡2MRF-sel | |
| 245 | 0 | 0. | ‡aPřekladový slovníček základních pojmů učiva ZŠ : ‡bčeský jazyk a literatura : čeština, ukrajinština, ruština, vietnamština, angličtina / ‡c[odborný překlad Milena Turbová ... [et al.] |
| 260 | . | ‡aPraha : ‡bSPN - pedagogické nakladatelství, ‡c2002 | |
| 300 | . | ‡a36 s. | |
| 650 | 0 | 4. | ‡aLiteratura -- učivo škol základních |
| 650 | 0 | 4. | ‡aVícejazyčné překladové slovníky |
| 650 | 0 | 4. | ‡aČeština -- učivo škol základních |
| 655 | 7. | ‡aslovníky ‡7fd133454 ‡2czenas | |
| 700 | 1 | . | ‡aTurbová, Milena ‡4trl |
| 910 | . | ‡aABH006 | |
| 901 | . | ‡a30949 ‡b ‡c30949 ‡tbiblio | |